00474nam a2200193 a 4500001001300000003000900013005001700022008004100039020001000080082001500090100001900105245003300124260003100157300000900188500003500197505001100232650001800243700001900261nice12345678IN_TiNIC20260116011807.0050524s1924 laha grp 000 0 urd  ac10000a220.9bMAS aMasihi Press,  aBible Ki Kitabon Ka Deebacha aLahorebMasihi Pressc1924 a450p aincludes index and biblioraphy2 aThesis aBible-History1 aMasihi Press,